Caligrafía 3 : (Registro nro. 9752)
[ vista simple ]
| 000 -LIDER | |
|---|---|
| fixed length control field | 01387nam a2200373 a 4500 |
| 001 - NÚMERO DE CONTROL | |
| Identificador de número de control | 000278 |
| 003 - IDENTIFICACDOR DE NÚMERO DE CONTROL | |
| control field | DO-SdBNP |
| 005 - DATE AND TIME OF LATEST TRANSACTION | |
| control field | 20180309133055.0 |
| 007 - CAMPOS FIJOS DE DESCRIPCIÓN FÍSICA | |
| fixed length control field | 0000278 |
| 008 - ELEMENTOS DE LONGITUD FIJA | |
| fixed length control field | 150130s2008 dr abc 000 0 spa d |
| 020 ## - ISBN | |
| International Standard Book Number | 9789945112832 |
| 040 ## - FUENTE DE CATALOGACIÓN | |
| Agencia que crea de manera original el registro | BPMSU |
| Idioma de catalogación | spa |
| Agencia que realiza la transcripción | BPMSU |
| 092 ## - LOCALLY ASSIGNED DEWEY DECIMAL CALL NUMBER | |
| Número de clasificación | 372.634 |
| Número de ítem (Cutter) | C199c, 3ro. 2008 |
| 100 1# - ASIENTO PRINCIPAL -- NOMBRE PERSONAL | |
| Nombre personal | Campusano, Martha |
| 245 10 - MENCIÓN DE TITULO | |
| Título | Caligrafía 3 : |
| Subtítulo | [educación básica] / |
| Mención de responsabilidad | Martha Campusano ; ilustración Ruddy Nuñez, José Amado Polanco. |
| 260 ## - PUBLICACIÓN, DISTRIBUCIÓN, ETC. (PIE DE IMPRENTA) | |
| Lugar de publicación, distribución, etc | Santo Domingo : |
| Nombre del editor, distribuidor, etc. | Santillana |
| Fecha de publicación, distribución, etc | 2008 |
| 300 ## - DESCRIPCIÓN FÍSICA | |
| Extensión | 63 p. : |
| Otros detalles físicos | il. ; |
| Dimensiones | 28 cm. |
| 490 1# - MENCIÓN DE SERIES | |
| Mención de serie | Coral |
| 505 1# - NOTA DE CONTENIDO | |
| Título | Con buena letra -- |
| -- | Escribo y aprendo -- |
| -- | Escribo más -- |
| -- | Escribo y me divierto -- |
| -- | Escribo lo que pasa -- |
| -- | Escribo con claridad -- |
| -- | Escribo lo que veo -- |
| -- | Escribo es divertido -- |
| -- | Sigo escribiendo -- |
| -- | Escribo para informar -- |
| 650 ## - ENCABEZAMIENTO DE MATERIA--TEMÁTICO | |
| Término temático o nombre geográfico como elemento de entrada | CALIGRAFÍA |
| Subdivisión temática general | ENSEÑANZA CORRECTIVA |
| 650 ## - ENCABEZAMIENTO DE MATERIA--TEMÁTICO | |
| Término temático o nombre geográfico como elemento de entrada | CALIGRAFÍA |
| Subdivisión temática general | ENSEÑANZA BÁSICA |
| 650 ## - ENCABEZAMIENTO DE MATERIA--TEMÁTICO | |
| Término temático o nombre geográfico como elemento de entrada | CALIGRAFÍA |
| Subdivisión temática general | EDUCACIÓN PRIMARIA |
| 650 ## - ENCABEZAMIENTO DE MATERIA--TEMÁTICO | |
| Término temático o nombre geográfico como elemento de entrada | CALIGRAFÍA |
| Subdivisión temática general | LIBROS DE TEXTO |
| 650 ## - ENCABEZAMIENTO DE MATERIA--TEMÁTICO | |
| Término temático o nombre geográfico como elemento de entrada | EDUCACIÓN PRIMARIA |
| Subdivisión geográfica | REPÚBLICA DOMINICANA |
| 650 ## - ENCABEZAMIENTO DE MATERIA--TEMÁTICO | |
| Término temático o nombre geográfico como elemento de entrada | CALIGRAFÍA |
| Subdivisión temática general | ESTUDIOS Y EJERCICIOS |
| 700 12 - ASIENTO SECUNDARIO -- NOMBRE PERSONAL | |
| Nombre personal | Núñez, Ruddy |
| Mención de responsabilidad | il. |
| 700 1# - ASIENTO SECUNDARIO -- NOMBRE PERSONAL | |
| Nombre personal | Polanco, José Amado |
| Mención de responsabilidad | il. |
| 700 1# - ASIENTO SECUNDARIO -- NOMBRE PERSONAL | |
| Nombre personal | Sandoval, Ramón |
| Mención de responsabilidad | il. |
| 830 #0 - ASIENTO SECUNDARIO DE SERIE--TÍTULO UNIFORME | |
| Título uniforme | Coral |
| 910 ## - VALIDACIÓN | |
| Validación | 00144 |
| 942 ## - ADDED ENTRY ELEMENTS (KOHA) | |
| Source of classification or shelving scheme | Dewey Decimal Classification |
| Koha item type | Libros |
| 945 ## - INFORMACIÓN DE PROCESAMIENTO LOCAL | |
| Información de procesamiento local | Remanejado para la Bib. BNPHU, 2018/ YL |
| 956 ## - LOCAL ELECTRONIC LOCATION AND ACCESS (OCLC) | |
| Nombre de host | YLOCKWARD |
| Número de acceso | 10 |
No hay ítems disponibles.